Pharmacology for nursing practice / (Record no. 16047)
[ view plain ]
| 000 -LEADER | |
|---|---|
| fixed length control field | 00722nam a22002897a 4500 |
| 003 - CONTROL NUMBER IDENTIFIER | |
| control field | OSt |
| 005 - DATE AND TIME OF LATEST TRANSACTION | |
| control field | 20140310182804.0 |
| 008 - FIXED-LENGTH DATA ELEMENTS--GENERAL INFORMATION | |
| fixed length control field | 130214t xxu||||| |||| 00| 0 eng d |
| 020 ## - INTERNATIONAL STANDARD BOOK NUMBER | |
| International Standard Book Number | 9812593454 |
| 050 ## - LIBRARY OF CONGRESS CALL NUMBER | |
| Classification number | RM 301 |
| Item number | .G985 2005 |
| 100 ## - MAIN ENTRY--PERSONAL NAME | |
| Personal name | Gutierrez, Kathleen |
| 245 ## - TITLE STATEMENT | |
| Title | Pharmacology for nursing practice / |
| Statement of responsibility, etc | Kathleen Gutierrez and Sherry F. Queener. |
| 260 ## - PUBLICATION, DISTRIBUTION, ETC. (IMPRINT) | |
| Place of publication, distribution, etc | St. Louis, Mo. : |
| Name of publisher, distributor, etc | Mosby, |
| Date of publication, distribution, etc | 2005. |
| 300 ## - PHYSICAL DESCRIPTION | |
| Extent | xxiii, 1222 p. : |
| Other physical details | ill. (some col.) ; |
| Dimensions | 28 cm. |
| 521 ## - TARGET AUDIENCE NOTE | |
| Target audience note | |
| 562 ## - COPY AND VERSION IDENTIFICATION NOTE | |
| Number of copies | 9 |
| 942 ## - ADDED ENTRY ELEMENTS (KOHA) | |
| Source of classification or shelving scheme | Library of Congress Classification |
| Koha item type | Books |
| Call number prefix | Foreign |
| Withdrawn status | Lost status | Source of classification or shelving scheme | Damaged status | Home library | Current library | Shelving location | Date acquired | Total Checkouts | Full call number | Barcode | Date last seen | Copy number | Price effective from | Koha item type | Source of acquisition |
|---|---|---|---|---|---|---|---|---|---|---|---|---|---|---|---|
| Library of Congress Classification | Archives | Archives | 12/18/2013 | RM 301 .G985 2005 | C6518 | 05/15/2018 | 2 | 12/18/2013 | Books | Donation | |||||
| Library of Congress Classification | Archives | Archives | 12/18/2013 | RM 301 .G985 2005 | C6599 | 05/15/2018 | 3 | 12/18/2013 | Books | Donation | |||||
| Library of Congress Classification | Archives | Archives | 12/18/2013 | RM 301 .G985 2005 | C6991 | 05/15/2018 | 6 | 12/18/2013 | Books | Donation | |||||
| Library of Congress Classification | Archives | Archives | 12/18/2013 | RM 301 .G985 2005 | C6993 | 05/15/2018 | 8 | 12/18/2013 | Books | Donation | |||||
| Library of Congress Classification | College Library | College Library | General Circulation Section | 12/18/2013 | RM 301 .G985 2005 | C6142 | 05/15/2018 | 1 | 12/18/2013 | Books | |||||
| Library of Congress Classification | College Library | College Library | General Circulation Section | 12/18/2013 | RM 301 .G985 2005 | C6988 | 05/15/2018 | 4 | 12/18/2013 | Books | |||||
| Library of Congress Classification | College Library | College Library | General Circulation Section | 12/18/2013 | RM 301 .G985 2005 | C6990 | 05/15/2018 | 5 | 12/18/2013 | Books | |||||
| Library of Congress Classification | College Library | College Library | General Circulation Section | 12/18/2013 | RM 301 .G985 2005 | C6992 | 05/15/2018 | 7 | 12/18/2013 | Books |